书目信息 |
| 题名: |
药物设计学
|
|
| 作者: | 姜凤超 主编 | |
| 分册: | ||
| 出版信息: | 北京 化学工业出版社 2007 |
|
| 页数: | 342页 | |
| 开本: | 24cm | |
| 丛书名: | ||
| 单 册: | ||
| 中图分类: | R914.2 | |
| 科图分类: | ||
| 主题词: | 药物--设计学 | |
| 电子资源: | ||
| ISBN: | 978-7-5025-9981-2 | |
| 000 | 00976nam0 2200265 450 | |
| 001 | 012004147071 | |
| 005 | 20070805110622.76 | |
| 009 | 012004147071 | |
| 010 | @a978-7-5025-9981-2@dCNY49.00 | |
| 035 | @a(110019)012007023387 | |
| 100 | @a20070628d2007 em y0chiy0110 ea | |
| 101 | 0 | @achi |
| 102 | @aCN@b110000 | |
| 105 | @ay z 001yy | |
| 106 | @ar | |
| 200 | 1 | @a药物设计学@Ayao wu she ji xue@dThe principle of drug design@f姜凤超主编@Fjiang feng chao zhu bian@zeng |
| 210 | @a北京@c化学工业出版社@d2007 | |
| 215 | @a342页@d24cm | |
| 330 | @a本书分为三部分。第一部分主要介绍药物设计的概况及必备的基础知识;第二部分是介绍药物设计的基本方法;第三部分包括药物设计在部分领域的最新应用,主要介绍了近年来发展迅速的酶抑制剂、肽拟似物以及作用于离子通道药物等的具体应用。 | |
| 510 | 1 | @aPrinciple of drug design@zeng |
| 606 | 0 | @a药物@x设计学 |
| 690 | @aR914.2@v4 | |
| 701 | 0 | @a姜凤超@Ajiang feng chao@4主编 |
| 801 | 0 | @aCN@b110019@c20070805 |
| 905 | @dR914.2@e67@f5 | |
| 药物设计学=The principle of drug design/姜凤超主编.-北京:化学工业出版社,2007 |
| 342页;24cm |
| ISBN 978-7-5025-9981-2:CNY49.00 |
| 本书分为三部分。第一部分主要介绍药物设计的概况及必备的基础知识;第二部分是介绍药物设计的基本方法;第三部分包括药物设计在部分领域的最新应用,主要介绍了近年来发展迅速的酶抑制剂、肽拟似物以及作用于离子通道药物等的具体应用。 |
| ● |
| 相关链接 |
|
|
|
|
正题名:药物设计学
索取号:R914.2/67
 
预约/预借
| 序号 | 登录号 | 条形码 | 馆藏地/架位号 | 状态 | 备注 |
| 1 | 0850914 | 208509149 | 第二样本阅览室/ [索取号:R914.2/67] | 在馆 | |
| 2 | 0850915 | 208509158 | 教育系资料室/ [索取号:R914.2/67] | 在馆 | |
| 3 | 0850916 | 208509167 | 教育系资料室/ [索取号:R914.2/67] | 在馆 | |
| 4 | 0850917 | 208509176 | 第三借阅区/ [索取号:R914.2/67] | 在馆 | |
| 5 | 0850918 | 208509185 | 第三借阅区/ [索取号:R914.2/67] | 在馆 |